| 000 | 00455nam a22001697a 4500 | ||
|---|---|---|---|
| 003 | OSt | ||
| 005 | 20150309102222.0 | ||
| 008 | 150309b xxu||||| |||| 00| 0 eng d | ||
| 040 | _cBMC | ||
| 082 | _a843 | ||
| 100 | 1 |
_aBourget, Paul _d1852-1935 _930185 |
|
| 245 | 1 | 3 |
_aUn divórcio _b: novela _cPaulo Bourget |
| 260 |
_aMéxico D.F. _bLatino Americana _c[1953] |
||
| 300 |
_a226 p. _c20 cm |
||
| 650 | 2 | 4 |
_911443 _aNovela francesa |
| 942 |
_2ddc _cBK _hahoj |
||
| 999 |
_c19374 _d19374 |
||